Atonement and Modern Thought (Record no. 2102)

MARC details
000 -LEADER
fixed length control field 00601nam a2200241 a 4500
020 ## - INTERNATIONAL STANDARD BOOK NUMBER
ISBN
082 00 - DEWEY DECIMAL CLASSIFICATION NUMBER
Classification number 232.4
Author Cutter HIT
100 ## - MAIN ENTRY--AUTHOR NAME
Author name Hitchcock, F R Montgomery
245 ## - TITLE STATEMENT
Title Atonement and Modern Thought
260 ## - PUBLICATION, DISTRIBUTION, ETC. (IMPRINT)
Place of publication London
Name of publisher Darton and Co
Year of publication 0000
300 ## - PHYSICAL DESCRIPTION
Number of Pages 343p
500 ## - GENERAL NOTE
General note includes index and biblioraphy
505 2# - FORMATTED CONTENTS NOTE
Formatted contents note Ill, Bibliogy and Index
650 ## - SUBJECT ADDED ENTRY--TOPICAL TERM
Topical Term Atonement
942 ## - ADDED ENTRY ELEMENTS (KOHA)
Koha item type Books
700 1# -
-- Hitchcock, F R Montgomery
Holdings
Collection code Home library Current library Date acquired Cost, normal purchase price Full call number Accession Number Koha item type
  Henry Martyn Institute Library Henry Martyn Institute Library 06/18/2007 100.00 232.4 HIT 03963 Books
                   Copyright © 2026 | Henry Martyn Institute | Hyderabad | TS-500052 | INDIA | Implemented by hmi.edu.in
Hit-Count:

Powered by Koha